| 000 | 00493cam a2200169 i 4500 | ||
|---|---|---|---|
| 020 | _a9789996310171 | ||
| 040 | _cDLC | ||
| 082 | _a320 THE 2015 C323 Or. | ||
| 245 | 0 | 0 |
_aLearning for resilience : _binsights from Cambodia's rural communities / |
| 300 |
_axvi, 272 pages ; _c26 cm |
||
| 650 | 0 | _aEnvironmental management | |
| 650 | 0 | _aSustainable agriculture | |
| 650 | 0 | _aFood security | |
| 700 | 1 | _aDiepart, Jean-Christophe, | |
| 710 | 2 | _aLearning Institute (Cambodia), | |
| 942 | _cAEDBB | ||
| 999 |
_c20253 _d20253 |
||